<?xml version="1.0" encoding="UTF-8"?>
<record
    xmlns:xsi="http://www.w3.org/2001/XMLSchema-instance"
    xsi:schemaLocation="http://www.loc.gov/MARC21/slim http://www.loc.gov/standards/marcxml/schema/MARC21slim.xsd"
    xmlns="http://www.loc.gov/MARC21/slim">

  <leader>01555ny  a22003613n 4500</leader>
  <controlfield tag="005">20240305165317.0</controlfield>
  <controlfield tag="008">970408s1987    sp      s     000 0 spa c</controlfield>
  <datafield tag="017" ind1=" " ind2=" ">
    <subfield code="a">D.L. M16906-1987</subfield>
  </datafield>
  <datafield tag="020" ind1=" " ind2=" ">
    <subfield code="a">8471304694</subfield>
  </datafield>
  <datafield tag="035" ind1=" " ind2=" ">
    <subfield code="a">463</subfield>
  </datafield>
  <datafield tag="040" ind1=" " ind2=" ">
    <subfield code="a">UMA.CEE</subfield>
    <subfield code="d">vLex</subfield>
  </datafield>
  <datafield tag="040" ind1=" " ind2=" ">
    <subfield code="a">UMA.RE</subfield>
    <subfield code="d">vLex</subfield>
  </datafield>
  <datafield tag="080" ind1=" " ind2=" ">
    <subfield code="a">347(460)</subfield>
  </datafield>
  <datafield tag="090" ind1=" " ind2=" ">
    <subfield code="c">497</subfield>
    <subfield code="d">497</subfield>
  </datafield>
  <datafield tag="245" ind1="0" ind2="0">
    <subfield code="a">Comentarios al C&#xF3;digo Civil y compilaciones forales</subfield>
    <subfield code="h">[Recurso electr&#xF3;nico]</subfield>
    <subfield code="c">Dirigidos por Manuel Albaladejo</subfield>
  </datafield>
  <datafield tag="256" ind1=" " ind2=" ">
    <subfield code="a">Servicio en l&#xED;nea</subfield>
  </datafield>
  <datafield tag="260" ind1=" " ind2=" ">
    <subfield code="a">Madrid :</subfield>
    <subfield code="b">Revista de Derecho Privado :</subfield>
    <subfield code="b">Editoriales de Derecho Reunidas,</subfield>
    <subfield code="c">D.L. 1987</subfield>
  </datafield>
  <datafield tag="300" ind1=" " ind2=" ">
    <subfield code="a">XIV, 304 p. ;</subfield>
    <subfield code="c">21 cm</subfield>
  </datafield>
  <datafield tag="505" ind1="0" ind2=" ">
    <subfield code="t">Tomo IX, Vol.1-B, Art&#xED;culos 694 a 705 del C&#xF3;digo civil /</subfield>
    <subfield code="r">comentados por Jos&#xE9; Manuel Gonz&#xE1;lez Porras</subfield>
  </datafield>
  <datafield tag="506" ind1="1" ind2=" ">
    <subfield code="a">Contenido solo disponible en los productos indicados</subfield>
    <subfield code="d">vLex Global</subfield>
    <subfield code="d">vLex Global (Academic Edition, excluding Law Schools)</subfield>
    <subfield code="d">vLex Global (U.S. Academic Edition, Law Schools)</subfield>
    <subfield code="d">vLex Global (U.S. Academic Edition, excluding Law Schools)</subfield>
    <subfield code="d">vLex Global (Academic Edition, Law Schools)</subfield>
  </datafield>
  <datafield tag="650" ind1="0" ind2="7">
    <subfield code="a">Civil</subfield>
    <subfield code="2">Tesauro vLex</subfield>
  </datafield>
  <datafield tag="650" ind1="0" ind2="7">
    <subfield code="a">C&#xF3;digo civil</subfield>
    <subfield code="2">Tesauro vLex</subfield>
  </datafield>
  <datafield tag="650" ind1="0" ind2="7">
    <subfield code="a">Sucesorio</subfield>
    <subfield code="2">Tesauro vLex</subfield>
  </datafield>
  <datafield tag="650" ind1="0" ind2="7">
    <subfield code="a">Testamento</subfield>
    <subfield code="2">Tesauro vLex</subfield>
  </datafield>
  <datafield tag="650" ind1="0" ind2="7">
    <subfield code="a">Testamento abierto</subfield>
    <subfield code="2">Tesauro vLex</subfield>
  </datafield>
  <datafield tag="650" ind1="0" ind2="7">
    <subfield code="a">Testamento</subfield>
    <subfield code="2">Tesauro vLex</subfield>
  </datafield>
  <datafield tag="650" ind1="0" ind2="7">
    <subfield code="a">Derecho sucesorio</subfield>
    <subfield code="2">Tesauro vLex</subfield>
  </datafield>
  <datafield tag="700" ind1="1" ind2=" ">
    <subfield code="a">Albaladejo Garc&#xED;a, Manuel,</subfield>
    <subfield code="e">dir</subfield>
  </datafield>
  <datafield tag="700" ind1="1" ind2=" ">
    <subfield code="a">Gonz&#xE1;lez Porras, Jos&#xE9; Manuel</subfield>
  </datafield>
  <datafield tag="740" ind1="0" ind2=" ">
    <subfield code="a">vLex Libros (Servicios en l&#xED;nea)</subfield>
  </datafield>
  <datafield tag="856" ind1="4" ind2="0">
    <subfield code="u">https://app.vlex.com/#/sources/463</subfield>
  </datafield>
  <datafield tag="942" ind1=" " ind2=" ">
    <subfield code="c">RAA</subfield>
  </datafield>
  <datafield tag="999" ind1=" " ind2=" ">
    <subfield code="c">159022</subfield>
    <subfield code="d">159022</subfield>
  </datafield>
</record>
